[Event "4NCL/Div2/PYO vs. WWKS1"]
[Site "Birmingham ENG"]
[Date "2005.10.23"]
[Round "2.5"]
[White "Player, Edmund C"]
[Black "Fishburne, Stewart K"]
[Result "1/2-1/2"]
[WhiteElo "2123"]
[BlackElo "2170"]
[PlyCount "111"]
[EventDate "2005.10.23"]
[SourceDate "2005.10.25"]

1. Nc3 g6 2. e4 Bg7 3. d4 d6 4. Nf3 Nf6 5. Be2 O-O 6. O-O c6 7. Re1 Qc7 8. Bf4
Nbd7 9. Qd2 e5 10. Bh6 Re8 11. Bxg7 Kxg7 12. Rad1 Nf8 13. Bc4 Bg4 14. Re3 b5
15. Be2 Nh5 16. Ne1 Bxe2 17. Nxe2 Nf6 18. Ng3 Ne6 19. c3 Nf4 20. Nd3 Qe7 21.
Rf3 N6h5 22. Nxh5+ Nxh5 23. dxe5 dxe5 24. Nb4 Rad8 25. Rd3 Rxd3 26. Qxd3 Nf4
27. Qd7 Qg5 28. g3 Re7 29. Qd2 Nh3+ 30. Kg2 Qxd2 31. Rxd2 Ng5 32. f3 Rc7 33.
Rd6 c5 34. Na6 Rc8 35. Rd7 Rc6 36. Nc7 Kf8 37. Nd5 a5 38. Rd8+ Kg7 39. Ra8 a4
40. Rb8 b4 41. cxb4 cxb4 42. Nxb4 Rc1 43. Rd8 Rc4 44. a3 Rc1 45. Rd2 Kf6 46.
Nd5+ Ke6 47. h4 Rg1+ 48. Kf2 Nh3+ 49. Ke3 Rxg3 50. Nc7+ Ke7 51. Nd5+ Ke6 52.
Nc3 f5 53. Nxa4 f4+ 54. Ke2 Ng1+ 55. Kf2 Nh3+ 56. Ke2 1/2-1/2

[Event "4NCL/Div2/PYO vs. WWKS1"]
[Site "Birmingham ENG"]
[Date "2005.10.23"]
[Round "2.6"]
[White "Pitcher, John"]
[Black "Eckersley-Waites, Tom"]
[Result "1/2-1/2"]
[WhiteElo "2183"]
[BlackElo "2116"]
[PlyCount "105"]
[EventDate "2005.10.23"]
[SourceDate "2005.10.25"]

1. e4 c5 2. Nc3 Nc6 3. Bb5 Nd4 4. Bc4 e6 5. Nf3 Ne7 6. O-O g6 7. Nxd4 cxd4 8.
Nb5 Nc6 9. c3 Qb6 10. d3 a6 11. Nxd4 Nxd4 12. cxd4 Qxd4 13. Rb1 b5 14. Bb3 Qe5
15. Be3 Bb7 16. f3 Rc8 17. Qd2 Bg7 18. d4 Qb8 19. Rbd1 O-O 20. Bf4 d6 21. Bh6
e5 22. Bxg7 Kxg7 23. dxe5 dxe5 24. Qb4 Bc6 25. Qe7 Qc7 26. Qxc7 Rxc7 27. Rc1
Rcc8 28. Rc5 Kf6 29. Rd1 Bb7 30. Rxc8 Bxc8 31. Rd6+ Ke7 32. Rb6 Rd8 33. Bd5 Rd6
34. Rxd6 Kxd6 35. Bxf7 Kc5 36. Kf2 Kd4 37. Ke2 b4 38. h4 a5 39. g4 Ba6+ 40. Kd2
a4 41. a3 bxa3 42. bxa3 Bc4 43. Bxc4 Kxc4 44. Ke3 Kb3 45. f4 exf4+ 46. Kxf4
Kxa3 47. e5 Kb4 48. e6 a3 49. e7 a2 50. e8=Q a1=Q 51. Qe7+ Kc4 52. Qe6+ Kd3 53.
Qb3+ 1/2-1/2

[Event "4NCL/Div2/PYO vs. WWKS1"]
[Site "Birmingham ENG"]
[Date "2005.10.23"]
[Round "2.7"]
[White "Wells, Daniel"]
[Black "Baruch, Andrew J D"]
[Result "0-1"]
[WhiteElo "1997"]
[BlackElo "2056"]
[PlyCount "86"]
[EventDate "2005.10.23"]
[SourceDate "2005.10.25"]

1. e4 g6 2. d4 Bg7 3. Nc3 d6 4. Be3 a6 5. Qd2 b5 6. f3 Nd7 7. g4 c5 8. Nge2 Bb7
9. Ng3 Qa5 10. Be2 b4 11. Nd1 cxd4 12. Bxd4 Bxd4 13. Qxd4 Ngf6 14. c3 bxc3 15.
Nxc3 O-O 16. h4 Rfc8 17. h5 Qe5 18. Qxe5 Nxe5 19. g5 Nfd7 20. f4 Nc4 21. hxg6
hxg6 22. Bxc4 Rxc4 23. Ke2 d5 24. Rh6 e6 25. Rah1 Kf8 26. f5 exf5 27. exf5 Ne5
28. fxg6 Nxg6 29. Nf5 Kg8 30. Nd6 d4 31. Rd1 Rb4 32. Nxb7 dxc3 33. Nc5 cxb2 34.
Rb1 Rd8 35. Nd3 Rb5 36. Rh2 Rxg5 37. Rxb2 Rgd5 38. Nb4 Re5+ 39. Kf3 Rf5+ 40.
Kg4 Rf4+ 41. Kg3 a5 42. Nc6 Rd3+ 43. Kg2 Nh4+ 0-1

[Event "4NCL/Div2/PYO vs. WWKS1"]
[Site "Birmingham ENG"]
[Date "2005.10.23"]
[Round "2.8"]
[White "Malik, Kaiser"]
[Black "Miller, Naomi K"]
[Result "0-1"]
[WhiteElo "1935"]
[BlackElo "1941"]
[PlyCount "74"]
[EventDate "2005.10.23"]
[SourceDate "2005.10.25"]

1. e4 c5 2. c3 d5 3. exd5 Qxd5 4. d4 g6 5. Nf3 Bg7 6. dxc5 Qxc5 7. Be3 Qa5 8.
Nbd2 Nc6 9. Nc4 Qc7 10. Qd2 Nf6 11. Be2 O-O 12. Bh6 Rd8 13. Qc1 Be6 14. O-O
Rac8 15. h4 Bd5 16. Bxg7 Kxg7 17. Ne3 Bxf3 18. Bxf3 Qf4 19. Bxc6 Rxc6 20. g3
Qf3 21. Rd1 Ne4 22. Qc2 Rcd6 23. Rxd6 Rxd6 24. Nc4 Rd2 25. Qxd2 Nxd2 26. Nxd2
Qe2 27. Nb3 Qxb2 28. c4 a5 29. Re1 Qxa2 30. Re3 a4 31. Na5 a3 32. c5 Qb1+ 33.
Kg2 a2 34. Nb3 Qc2 35. Kf3 Qxb3 36. Rxb3 a1=Q 37. Rxb7 Qh1+ 0-1

[Event "4NCL/Div2/OXF1 vs. WGR3"]
[Site "Birmingham ENG"]
[Date "2005.10.23"]
[Round "2.1"]
[White "Ozeren, Kemal"]
[Black "Woodward, Timothy"]
[Result "1-0"]
[WhiteElo "2286"]
[BlackElo "2334"]
[PlyCount "97"]
[EventDate "2005.10.23"]
[SourceDate "2005.10.25"]

1. d4 d5 2. c4 c6 3. Nf3 Nf6 4. e3 Bf5 5. cxd5 cxd5 6. Qb3 Qc7 7. Bd2 Nc6 8.
Bb5 e6 9. O-O Bd6 10. Bb4 O-O 11. Bxc6 bxc6 12. Nbd2 Rab8 13. Bxd6 Qxd6 14. Qc3
Rfc8 15. Rfc1 Nd7 16. Ne5 Nxe5 17. dxe5 Qb4 18. Qxb4 Rxb4 19. b3 f6 20. Rc5 Rb5
21. Rac1 Rxc5 22. Rxc5 Kf7 23. f4 fxe5 24. fxe5 Ke7 25. Nf3 Kd7 26. Nd4 Bd3 27.
Kf2 Rf8+ 28. Kg3 Rc8 29. Kg4 Rc7 30. a3 Rc8 31. h4 Rc7 32. h5 h6 33. Kh4 g6 34.
hxg6 Bxg6 35. b4 a6 36. g4 Be8 37. Rc1 Ke7 38. Kg3 a5 39. Rh1 axb4 40. axb4 c5
41. bxc5 Rxc5 42. Rxh6 Bf7 43. Rh1 Rc8 44. Nb5 Bg6 45. Ra1 Rc6 46. Ra7+ Kf8 47.
Kf4 Rc1 48. Kg5 Be4 49. Nd4 1-0

[Event "4NCL/Div2/OXF1 vs. WGR3"]
[Site "Birmingham ENG"]
[Date "2005.10.23"]
[Round "2.2"]
[White "McDonald, Neil"]
[Black "Savage, Ben D"]
[Result "1-0"]
[WhiteElo "2374"]
[BlackElo "2310"]
[PlyCount "65"]
[EventDate "2005.10.23"]
[SourceDate "2005.10.25"]

1. e4 c5 2. Nf3 Nc6 3. Bb5 Qb6 4. Bxc6 Qxc6 5. Nc3 Nf6 6. Qe2 d6 7. d4 Bg4 8.
d5 Qa6 9. Qxa6 bxa6 10. Nd2 Bd7 11. a4 g6 12. b3 Bg7 13. Bb2 c4 14. Nxc4 O-O
15. f3 Rfc8 16. O-O-O Rxc4 17. bxc4 Rc8 18. Rhe1 Rxc4 19. e5 dxe5 20. Rxe5 Kf8
21. d6 e6 22. Ra5 Rc6 23. Ne4 Bh6+ 24. Kb1 Nd5 25. Nf6 Nxf6 26. Bxf6 Bf4 27.
Be5 Be3 28. Bd4 Bf4 29. Bxa7 Bxh2 30. Be3 Ke8 31. f4 h5 32. Rh1 Bg3 33. Rg5 1-0

[Event "4NCL/Div2/OXF1 vs. WGR3"]
[Site "Birmingham ENG"]
[Date "2005.10.23"]
[Round "2.3"]
[White "Shaw, David A"]
[Black "Tan, Desmond"]
[Result "0-1"]
[WhiteElo "2200"]
[BlackElo "2323"]
[PlyCount "62"]
[EventDate "2005.10.23"]
[SourceDate "2005.10.25"]

1. e4 c5 2. Nf3 d6 3. d4 cxd4 4. Nxd4 Nf6 5. Nc3 g6 6. f3 Bg7 7. Be3 O-O 8. Qd2
Nc6 9. Bc4 Bd7 10. O-O-O Rb8 11. h4 b5 12. Bb3 Na5 13. Bh6 Bxh6 14. Qxh6 e5 15.
Nde2 b4 16. Nd5 Nxb3+ 17. axb3 Nxd5 18. Rxd5 Rb6 19. h5 g5 20. f4 Bg4 21. Nd4
gxf4 22. g3 fxg3 23. Nf5 Bxf5 24. exf5 Kh8 25. f6 Rg8 26. Rg1 Ra6 27. Kb1 g2
28. Rb5 d5 29. Qd2 Rxf6 30. Rxd5 Rf1+ 31. Ka2 Qb6 0-1

[Event "4NCL/Div2/OXF1 vs. WGR3"]
[Site "Birmingham ENG"]
[Date "2005.10.23"]
[Round "2.4"]
[White "Grant, Jonathan"]
[Black "Smallbone, Kieran"]
[Result "1/2-1/2"]
[WhiteElo "2254"]
[BlackElo "2194"]
[PlyCount "64"]
[EventDate "2005.10.23"]
[SourceDate "2005.10.25"]

1. c4 c6 2. Nc3 d5 3. d4 dxc4 4. e4 b5 5. a4 b4 6. Nb1 Ba6 7. Be3 Nf6 8. f3 e5
9. dxe5 Qxd1+ 10. Kxd1 Nfd7 11. Bf4 c3 12. Nh3 cxb2 13. Ra2 Bc5 14. Rxb2 Bxf1
15. Rxf1 a5 16. Rc2 Bd4 17. Nd2 Nb6 18. Nc4 Nxc4 19. Rxc4 c5 20. e6 fxe6 21.
Bxb8 Rxb8 22. Nf4 Ke7 23. Nd3 Rhd8 24. Ke2 Kd6 25. Nxc5 Bxc5 26. Rd1+ Bd4 27.
Rdxd4+ Ke5 28. Rxd8 Rxd8 29. Rc7 b3 30. Rb7 Rd4 31. Rxb3 Rxa4 32. Ke3 Ra2
1/2-1/2

[Event "4NCL/Div2/OXF1 vs. WGR3"]
[Site "Birmingham ENG"]
[Date "2005.10.23"]
[Round "2.5"]
[White "Duggan, Chris"]
[Black "Gilbert, Jessie"]
[Result "1-0"]
[WhiteElo "2104"]
[BlackElo "2148"]
[PlyCount "77"]
[EventDate "2005.10.23"]
[SourceDate "2005.10.25"]

1. e4 g6 2. d4 Bg7 3. Nf3 d6 4. c3 Nf6 5. Bd3 O-O 6. O-O Nc6 7. b4 a6 8. Qb3 e5
9. h3 Nh5 10. dxe5 Nxe5 11. Be2 Nxf3+ 12. Bxf3 Qh4 13. Qd1 Nf4 14. Be3 Be5 15.
g3 Nxh3+ 16. Kg2 Qf6 17. Bg4 Bxc3 18. Nxc3 Qxc3 19. Bxh3 Qxb4 20. Qc2 Re8 21.
Rab1 Qxe4+ 22. Qxe4 Bxh3+ 23. Kxh3 Rxe4 24. Rxb7 Ra4 25. Rxc7 Rxa2 26. Rd1 Rd8
27. Kg4 Ra5 28. Bg5 Re8 29. Rxd6 h5+ 30. Kh4 Re1 31. Rc1 Rxc1 32. Bxc1 Rf5 33.
f4 a5 34. Bb2 Kh7 35. Rf6 Rxf6 36. Bxf6 a4 37. Bb2 Kg8 38. Kg5 Kf8 39. Kf6 1-0

[Event "4NCL/Div2/OXF1 vs. WGR3"]
[Site "Birmingham ENG"]
[Date "2005.10.23"]
[Round "2.6"]
[White "Maduekwe, Chiedu"]
[Black "Webster, Ian"]
[Result "1-0"]
[WhiteElo "2142"]
[BlackElo "2119"]
[PlyCount "49"]
[EventDate "2005.10.23"]
[SourceDate "2005.10.25"]

1. d4 Nf6 2. c4 Nc6 3. Nf3 e6 4. g3 Bb4+ 5. Nbd2 O-O 6. Bg2 d6 7. O-O e5 8. d5
Ne7 9. Nb3 b6 10. a3 Bc5 11. Nxc5 bxc5 12. b4 Ba6 13. Qc2 Nd7 14. Ng5 Ng6 15.
h4 h6 16. Ne6 fxe6 17. dxe6 Nb6 18. Qxg6 Rf6 19. Qc2 cxb4 20. axb4 Bxc4 21. e7
Qe8 22. Bxa8 Qxa8 23. Rxa7 Qe8 24. Rxc7 Be6 25. Qc6 1-0

[Event "4NCL/Div2/OXF1 vs. WGR3"]
[Site "Birmingham ENG"]
[Date "2005.10.23"]
[Round "2.7"]
[White "Dickinson, Timothy R"]
[Black "Cutmore, David A"]
[Result "1-0"]
[WhiteElo "2176"]
[BlackElo "2093"]
[PlyCount "55"]
[EventDate "2005.10.23"]
[SourceDate "2005.10.25"]

1. Nc3 Nf6 2. Nf3 d6 3. e4 c5 4. d4 cxd4 5. Nxd4 Nc6 6. Be3 Ng4 7. Bb5 Bd7 8.
O-O Nxe3 9. fxe3 Ne5 10. Nf3 Bxb5 11. Nxb5 Qb6 12. Nxe5 dxe5 13. Qd5 e6 14.
Qxe5 Rc8 15. Qh5 g6 16. Qf3 f5 17. exf5 Qxb5 18. fxg6 Qd7 19. Rad1 Qe7 20. Qe4
e5 21. Rf7 Qe6 22. g7 Bxg7 23. Rxg7 Rf8 24. Rd5 Rf5 25. Rdd7 Qf6 26. h3 Rf1+
27. Kh2 Rf2 28. Qxb7 1-0

[Event "4NCL/Div2/OXF1 vs. WGR3"]
[Site "Birmingham ENG"]
[Date "2005.10.23"]
[Round "2.8"]
[White "Cutmore, Martin J"]
[Black "Levicki, Jeffrey"]
[Result "1-0"]
[WhiteElo "2026"]
[BlackElo "1880"]
[PlyCount "59"]
[EventDate "2005.10.23"]
[SourceDate "2005.10.25"]

1. d4 Nf6 2. c4 c5 3. d5 b5 4. f3 d6 5. e4 Qa5+ 6. Bd2 b4 7. Bd3 Nbd7 8. f4 g6
9. Nf3 Bg7 10. Qc1 Rb8 11. O-O Ba6 12. Re1 O-O 13. Bf1 Qb6 14. e5 Ne8 15. a3
Qa5 16. b3 Bb7 17. Qb2 Qb6 18. axb4 cxb4+ 19. Be3 Nc5 20. Nbd2 dxe5 21. fxe5
Rc8 22. Ne4 Nd6 23. Nxc5 Rxc5 24. Bxc5 Qxc5+ 25. Qf2 Qxf2+ 26. Kxf2 Nc8 27. Ra4
Nb6 28. Rxb4 Rc8 29. Ra1 Ba8 30. Rxa7 1-0

[Event "4NCL/Div2/WES1 vs. WRO"]
[Site "Birmingham ENG"]
[Date "2005.10.23"]
[Round "2.1"]
[White "Webb, Richard M"]
[Black "Hanley, Craig A"]
[Result "0-1"]
[WhiteElo "2302"]
[BlackElo "2388"]
[PlyCount "82"]
[EventDate "2005.10.23"]
[SourceDate "2005.10.25"]

1. e4 e5 2. Nf3 Nc6 3. Bb5 a6 4. Bxc6 dxc6 5. O-O Bd6 6. d4 exd4 7. Qxd4 f6 8.
Be3 Ne7 9. Nbd2 Be6 10. Qc3 Qd7 11. Nd4 O-O-O 12. Nxe6 Qxe6 13. f4 Rhe8 14. Rf3
f5 15. e5 Nd5 16. Qb3 Bf8 17. Nf1 g5 18. fxg5 Qxe5 19. Bf2 f4 20. h4 h6 21. Re1
Qf5 22. Rxe8 Rxe8 23. c4 Ne7 24. gxh6 Bxh6 25. Qd3 Rd8 26. Qxf5+ Nxf5 27. g4
fxg3 28. Rxf5 gxf2+ 29. Kxf2 Rd4 30. b3 Rxh4 31. Ke2 b5 32. Kd3 Kb7 33. Rf2 c5
34. cxb5 axb5 35. Kc2 Bg7 36. Nd2 Rh3 37. a4 Rc3+ 38. Kd1 c4 39. bxc4 bxa4 40.
Rf5 Bh6 41. Rh5 a3 0-1

[Event "4NCL/Div2/WES1 vs. WRO"]
[Site "Birmingham ENG"]
[Date "2005.10.23"]
[Round "2.2"]
[White "Potts, Alan W"]
[Black "Allicock, Rawle A"]
[Result "1-0"]
[WhiteElo "2275"]
[BlackElo "2303"]
[PlyCount "59"]
[EventDate "2005.10.23"]
[SourceDate "2005.10.25"]

1. e4 c6 2. d4 d5 3. f3 e6 4. Be3 dxe4 5. Nd2 exf3 6. Ngxf3 Nf6 7. Bd3 Nbd7 8.
Qe2 Be7 9. O-O-O Qa5 10. Kb1 Nd5 11. Nc4 Qa4 12. c3 N7b6 13. Bg5 Nxc4 14. Bxc4
Bxg5 15. Nxg5 h6 16. Ne4 O-O 17. g4 Qa5 18. Rhg1 Nf4 19. Qe3 Ng6 20. g5 h5 21.
Rdf1 e5 22. Nf6+ Kh8 23. Qe2 Bg4 24. Rxg4 gxf6 25. gxf6 exd4 26. Qd2 Kh7 27.
Rg5 dxc3 28. bxc3 Rad8 29. Qc1 Qb6+ 30. Ka1 1-0

[Event "4NCL/Div2/WES1 vs. WRO"]
[Site "Birmingham ENG"]
[Date "2005.10.23"]
[Round "2.3"]
[White "Corkett, Anthony R"]
[Black "Adams, David M"]
[Result "1-0"]
[WhiteElo "2354"]
[BlackElo "2235"]
[PlyCount "75"]
[EventDate "2005.10.23"]
[SourceDate "2005.10.25"]

1. d4 e6 2. e4 d5 3. Nc3 Bb4 4. e5 Qd7 5. Nge2 b6 6. a3 Bf8 7. g3 Bb7 8. Bh3
Ne7 9. Be3 Nf5 10. Nf4 Nc6 11. Nce2 Na5 12. Bc1 h5 13. c3 c5 14. b4 cxb4 15.
cxb4 Nc4 16. O-O Be7 17. Re1 a5 18. Bxf5 exf5 19. e6 Qd6 20. exf7+ Kxf7 21. Nd3
g5 22. Ne5+ Kg7 23. Nf3 f4 24. gxf4 g4 25. Ne5 axb4 26. Ng3 Bc8 27. f5 b3 28.
Nxh5+ Kh7 29. Nf7 Qd7 30. Nxh8 Kxh8 31. Qxg4 Bf8 32. Re6 Qh7 33. Rg6 Bd6 34.
Bg5 Qxg6 35. Bf6+ Qxf6 36. Nxf6 Bxf5 37. Qxf5 Ra7 38. Re1 1-0

[Event "4NCL/Div2/WES1 vs. WRO"]
[Site "Birmingham ENG"]
[Date "2005.10.23"]
[Round "2.4"]
[White "Gayson, Peter M"]
[Black "Simons, Martin J"]
[Result "1-0"]
[WhiteElo "2233"]
[BlackElo "2293"]
[PlyCount "61"]
[EventDate "2005.10.23"]
[SourceDate "2005.10.25"]

1. e4 Nc6 2. Nf3 d5 3. exd5 Qxd5 4. Nc3 Qa5 5. d4 Bg4 6. Bb5 e6 7. h3 Bh5 8.
Bd2 Bb4 9. d5 exd5 10. a3 Bxf3 11. gxf3 Kf8 12. axb4 Qxb4 13. Bxc6 bxc6 14.
Nxd5 Re8+ 15. Ne3 Qxb2 16. Rb1 Qe5 17. Bb4+ Ne7 18. Qd3 h5 19. Qe4 Qxe4 20.
fxe4 Kg8 21. Bxe7 Rxe7 22. Rb8+ Kh7 23. Rxh8+ Kxh8 24. f3 g6 25. Kd2 Kg7 26.
Ra1 Kf6 27. h4 g5 28. hxg5+ Kxg5 29. Ra5+ Kf4 30. Ke2 Re5 31. Ng2+ 1-0

[Event "4NCL/Div2/WES1 vs. WRO"]
[Site "Birmingham ENG"]
[Date "2005.10.23"]
[Round "2.5"]
[White "Upton, Ian J"]
[Black "Barrett, Steve J"]
[Result "1/2-1/2"]
[WhiteElo "2259"]
[BlackElo "2188"]
[PlyCount "38"]
[EventDate "2005.10.23"]
[SourceDate "2005.10.25"]

1. d4 Nf6 2. c4 g6 3. Nc3 Bg7 4. e4 d6 5. Be2 O-O 6. Nf3 Bg4 7. Be3 Nfd7 8. d5
c5 9. Rc1 Qa5 10. O-O Na6 11. a3 Rae8 12. h3 Bxf3 13. Bxf3 Qd8 14. Qd2 Nc7 15.
Bh6 Bxh6 16. Qxh6 e6 17. Rcd1 exd5 18. exd5 f5 19. Qd2 Qh4 1/2-1/2

[Event "4NCL/Div2/WES1 vs. WRO"]
[Site "Birmingham ENG"]
[Date "2005.10.23"]
[Round "2.6"]
[White "Cumbers, Paul"]
[Black "Neil, David R"]
[Result "1-0"]
[WhiteElo "2123"]
[BlackElo "2181"]
[PlyCount "55"]
[EventDate "2005.10.23"]
[SourceDate "2005.10.25"]

1. e4 e5 2. Nf3 Nc6 3. d4 exd4 4. Nxd4 Qf6 5. Nxc6 Qxc6 6. Bd3 b6 7. O-O Bb7 8.
Nc3 a6 9. Qe2 Ne7 10. f4 b5 11. Bd2 Ng6 12. Nd5 Bc5+ 13. Kh1 f6 14. c4 bxc4 15.
Bxc4 O-O-O 16. b4 Bd6 17. a4 Rde8 18. b5 Qc5 19. Qd3 f5 20. Be3 fxe4 21. Qc2
Qxd5 22. Bxd5 Bxd5 23. Rfd1 Bxf4 24. Bxf4 Nxf4 25. Rac1 c6 26. bxc6 d6 27. Qf2
Rhf8 28. Qa7 1-0

[Event "4NCL/Div2/WES1 vs. WRO"]
[Site "Birmingham ENG"]
[Date "2005.10.23"]
[Round "2.7"]
[White "Yeo, Michael J"]
[Black "Faulks, Nick"]
[Result "1-0"]
[WhiteElo "2200"]
[BlackElo "2103"]
[PlyCount "63"]
[EventDate "2005.10.23"]
[SourceDate "2005.10.25"]

1. e4 c5 2. Nf3 e6 3. d4 cxd4 4. Nxd4 a6 5. Nc3 b5 6. Bd3 Qb6 7. Nf3 Qc7 8. O-O
Nc6 9. Re1 d6 10. Bf4 b4 11. Na4 e5 12. Be3 Rb8 13. b3 Nf6 14. c3 Be7 15. cxb4
Nxb4 16. Rc1 Qb7 17. Bb1 O-O 18. Nb6 Be6 19. a3 Ng4 20. Nc4 Bxc4 21. Rxc4 Nxe3
22. Rxe3 Nc6 23. Rec3 Nd4 24. Rc7 Qb5 25. Bd3 Qb6 26. Rxe7 Rfc8 27. Bc4 Qa5 28.
b4 Qd8 29. Bxf7+ Kf8 30. Rxc8 Rxc8 31. Re8+ Qxe8 32. Bxe8 1-0

[Event "4NCL/Div2/WES1 vs. WRO"]
[Site "Birmingham ENG"]
[Date "2005.10.23"]
[Round "2.8"]
[White "Anandajeyarajah, Thilagini"]
[Black "Norman, Dinah"]
[Result "1/2-1/2"]
[WhiteElo "1810"]
[BlackElo "2017"]
[PlyCount "49"]
[EventDate "2005.10.23"]
[SourceDate "2005.10.25"]

1. e4 c6 2. d4 d5 3. Nc3 dxe4 4. Nxe4 Nd7 5. Nf3 Ngf6 6. Ng3 e6 7. c4 Be7 8.
Bd3 c5 9. Bc2 cxd4 10. Qxd4 Qb6 11. O-O Qxd4 12. Nxd4 a6 13. Re1 O-O 14. a3 Bc5
15. Nb3 Bb6 16. Be3 Bxe3 17. Rxe3 b6 18. Rd1 Bb7 19. Ne4 Rad8 20. Nxf6+ Nxf6
21. Red3 Rxd3 22. Rxd3 Be4 23. Rd2 Bxc2 24. Rxc2 Rd8 25. Rd2 1/2-1/2

[Event "4NCL/Div2/SWD1 vs. RICA"]
[Site "Birmingham ENG"]
[Date "2005.10.23"]
[Round "2.1"]
[White "Cobb, James E"]
[Black "Bates, Richard A"]
[Result "1/2-1/2"]
[WhiteElo "2343"]
[BlackElo "2383"]
[PlyCount "49"]
[EventDate "2005.10.23"]
[SourceDate "2005.10.25"]

1. d4 Nf6 2. Nf3 g6 3. Bg5 Bg7 4. Nbd2 O-O 5. c3 d6 6. e4 c5 7. dxc5 dxc5 8.
Bc4 Nc6 9. Qe2 Qc7 10. O-O b6 11. Rfe1 h6 12. Bh4 Nh5 13. Qe3 e5 14. Rad1 Kh7
15. Bb5 Be6 16. Nc4 a6 17. Bxc6 Qxc6 18. b3 Qc7 19. Qd2 b5 20. Ne3 c4 21. Nd5
Qc6 22. bxc4 bxc4 23. Be7 Rfe8 24. Rb1 Rab8 25. Red1 1/2-1/2

[Event "4NCL/Div2/SWD1 vs. RICA"]
[Site "Birmingham ENG"]
[Date "2005.10.23"]
[Round "2.2"]
[White "Hinks-Edwards, Thomas"]
[Black "Jones, Richard S"]
[Result "1/2-1/2"]
[WhiteElo "2343"]
[BlackElo "2310"]
[PlyCount "61"]
[EventDate "2005.10.23"]
[SourceDate "2005.10.25"]

1. e4 c5 2. Nf3 d6 3. d4 cxd4 4. Qxd4 Nc6 5. Bb5 Bd7 6. Bxc6 Bxc6 7. Nc3 Nf6 8.
Bg5 e6 9. O-O-O Be7 10. Rhe1 O-O 11. h4 Qa5 12. Nd2 b5 13. Nb3 Qa6 14. Bxf6
Bxf6 15. Qxd6 Bxc3 16. bxc3 Rac8 17. Kb2 Qb6 18. f3 a5 19. h5 a4 20. Nd4 Rfd8
21. Qb4 Be8 22. a3 Rd7 23. Ka2 Rdc7 24. Rd3 Qc5 25. Qxc5 Rxc5 26. e5 Rxc3 27.
Rxc3 Rxc3 28. Kb2 Rc5 29. c3 Kf8 30. Kc2 Ke7 31. Kd3 1/2-1/2

[Event "4NCL/Div2/SWD1 vs. RICA"]
[Site "Birmingham ENG"]
[Date "2005.10.23"]
[Round "2.3"]
[White "James, David J"]
[Black "Franklin, Michael J"]
[Result "1/2-1/2"]
[WhiteElo "2222"]
[BlackElo "2231"]
[PlyCount "54"]
[EventDate "2005.10.23"]
[SourceDate "2005.10.25"]

1. Nf3 Nf6 2. c4 e6 3. Nc3 d5 4. d4 Be7 5. Bg5 c6 6. e3 Nbd7 7. Rc1 a6 8. a3
O-O 9. Bd3 dxc4 10. Bxc4 b5 11. Ba2 Bb7 12. O-O c5 13. Bb1 cxd4 14. Nxd4 Qb6
15. Qe2 Rac8 16. Rfd1 Rfe8 17. e4 Ne5 18. h3 Nfd7 19. Bxe7 Rxe7 20. Kh1 Rc4 21.
Nc2 Ng6 22. Ne3 Rd4 23. Rxd4 Qxd4 24. Rd1 Qb6 25. Rd2 Nde5 26. Qd1 Re8 27. Ne2
Nc6 1/2-1/2

[Event "4NCL/Div2/SWD1 vs. RICA"]
[Site "Birmingham ENG"]
[Date "2005.10.23"]
[Round "2.4"]
[White "Manning, Russell P"]
[Black "Zeidler, Sven P"]
[Result "0-1"]
[WhiteElo "2150"]
[BlackElo "2203"]
[PlyCount "64"]
[EventDate "2005.10.23"]
[SourceDate "2005.10.25"]

1. d4 f5 2. c4 Nf6 3. Nf3 g6 4. g3 Bg7 5. Bg2 d6 6. O-O O-O 7. Nc3 c6 8. d5 e5
9. e4 cxd5 10. cxd5 Na6 11. a3 h6 12. b4 g5 13. exf5 Bxf5 14. Nd2 Rc8 15. Bb2
Qe8 16. Nde4 Nxe4 17. Bxe4 Qg6 18. Qb1 Nc7 19. Bxf5 Rxf5 20. Qe4 Qf7 21. Rac1
Rf8 22. Rc2 h5 23. Rd2 h4 24. a4 Rf3 25. Kg2 Qh5 26. Rd3 hxg3 27. hxg3 g4 28.
Nd1 Qh3+ 29. Kg1 R8f5 30. Rxf3 gxf3 31. Ne3 Rh5 32. Qh4 Rxh4 0-1

[Event "4NCL/Div2/SWD1 vs. RICA"]
[Site "Birmingham ENG"]
[Date "2005.10.23"]
[Round "2.5"]
[White "Spice, Alan"]
[Black "Nixon, Thomas C M"]
[Result "1/2-1/2"]
[WhiteElo "2189"]
[BlackElo "2216"]
[PlyCount "102"]
[EventDate "2005.10.23"]
[SourceDate "2005.10.25"]

1. Nc3 Nf6 2. e4 e5 3. Bc4 Bc5 4. d3 c6 5. Nf3 b5 6. Bb3 d6 7. O-O Bg4 8. Re1
Nbd7 9. a3 O-O 10. h3 Bh5 11. Nb1 Bb6 12. Nbd2 Nc5 13. Ba2 Ne6 14. c3 Bg6 15.
Nf1 Nh5 16. g3 Nf6 17. Kg2 Qe7 18. Nh4 Ne8 19. Qg4 Nf6 20. Qf3 Rae8 21. Nf5
Bxf5 22. Qxf5 Nc5 23. Qf3 Qb7 24. Bg5 Nfd7 25. Rad1 Kh8 26. g4 Ne6 27. Bc1 Qc7
28. Ng3 g6 29. Bh6 Ng7 30. Rh1 Qd8 31. h4 Qf6 32. Qe2 Qe7 33. Bxg7+ Kxg7 34.
Qd2 Nc5 35. h5 Rh8 36. h6+ Kf8 37. f4 Ne6 38. Bxe6 Qxe6 39. f5 Qf6 40. Rdf1 Bd8
41. fxg6 Qxg6 42. Qf2 Re7 43. Qf5 Rc7 44. Rh5 Rg8 45. Kh3 Bg5 46. Qxg6 Rxg6 47.
Nf5 Bf4 48. d4 Rd7 49. d5 cxd5 50. exd5 Rc7 51. Nh4 Rxh6 1/2-1/2

[Event "4NCL/Div2/SWD1 vs. RICA"]
[Site "Birmingham ENG"]
[Date "2005.10.23"]
[Round "2.6"]
[White "Simmons, Matthew"]
[Black "Trevelyan, John"]
[Result "1/2-1/2"]
[WhiteElo "2078"]
[BlackElo "2186"]
[PlyCount "89"]
[EventDate "2005.10.23"]
[SourceDate "2005.10.25"]

1. e4 d6 2. d4 e5 3. dxe5 dxe5 4. Qxd8+ Kxd8 5. Bc4 f6 6. Be3 Nd7 7. Nc3 Bc5 8.
Bxc5 Nxc5 9. O-O-O+ Nd7 10. f4 exf4 11. Nge2 c6 12. Nxf4 Ke7 13. h3 Ne5 14. Bb3
Bd7 15. Nd3 Nh6 16. Ne2 a5 17. a4 Rad8 18. g4 Nhf7 19. Rhg1 Ng5 20. Rg3 Bc8 21.
Nc3 Ne6 22. g5 Nxd3+ 23. cxd3 g6 24. gxf6+ Kxf6 25. h4 Nd4 26. Rf1+ Kg7 27. Bd1
Rhf8 28. Rfg1 Rd6 29. h5 Rdf6 30. hxg6 Rxg6 31. Rxg6+ hxg6 32. Bh5 Kh6 33. Bd1
Rf2 34. Re1 Be6 35. Ne2 Nxe2+ 36. Bxe2 Kg5 37. Rg1+ Kf6 38. Kd2 Bb3 39. Ke3 Rh2
40. Rf1+ Kg7 41. e5 c5 42. Rf4 g5 43. Rf5 Bxa4 44. Rxg5+ Kf8 45. Rh5 1/2-1/2

[Event "4NCL/Div2/SWD1 vs. RICA"]
[Site "Birmingham ENG"]
[Date "2005.10.23"]
[Round "2.7"]
[White "Morris, Charles F"]
[Black "Mitchem, Nicholas D"]
[Result "1-0"]
[WhiteElo "2203"]
[BlackElo "2060"]
[PlyCount "83"]
[EventDate "2005.10.23"]
[SourceDate "2005.10.25"]

1. c4 g6 2. Nf3 Bg7 3. d4 Nf6 4. g3 c6 5. Bg2 d5 6. O-O O-O 7. Nc3 Na6 8. Qb3
dxc4 9. Qxc4 Be6 10. Qa4 Bd5 11. Nxd5 cxd5 12. Ne5 e6 13. Bg5 Qe8 14. Qb3 Qe7
15. Ng4 h5 16. Nxf6+ Bxf6 17. Bxf6 Qxf6 18. Qxb7 Qxd4 19. Qxa6 Qxb2 20. Rab1
Qd4 21. Rfd1 Qc5 22. Rdc1 Qd4 23. e3 Qf6 24. Rc7 Rab8 25. Rxb8 Rxb8 26. Rc8+
Rxc8 27. Qxc8+ Kg7 28. Qa6 Qe7 29. Bf1 Qc5 30. Qa4 e5 31. Qb5 Qd6 32. Bg2 d4
33. exd4 Qxd4 34. Qd5 Qc3 35. Bf1 Qc7 36. Bc4 Kf6 37. Kg2 Kg7 38. h4 Qe7 39.
Bb5 Qc7 40. Bc6 Qe7 41. Qd7 Qc5 42. Bd5 1-0

[Event "4NCL/Div2/SWD1 vs. RICA"]
[Site "Birmingham ENG"]
[Date "2005.10.23"]
[Round "2.8"]
[White "Wilson, Alexandra"]
[Black "Wilson, Julie"]
[Result "1/2-1/2"]
[WhiteElo "2101"]
[BlackElo "1945"]
[PlyCount "77"]
[EventDate "2005.10.23"]
[SourceDate "2005.10.25"]

1. e4 e6 2. d4 d5 3. e5 c5 4. c3 Nc6 5. Nf3 Bd7 6. Be2 Nge7 7. Na3 cxd4 8. cxd4
Ng6 9. Nc2 Be7 10. Bd2 O-O 11. Bd3 f5 12. h4 Rc8 13. Rh3 Qb6 14. h5 Nh8 15. b3
Nb4 16. Nxb4 Bxb4 17. Bxb4 Qxb4+ 18. Qd2 Rc3 19. Ng1 a5 20. a3 Qxb3 21. Bc4
Qxc4 22. Rxc3 Qa6 23. Rc7 Qb5 24. Rc5 Qb6 25. Qc2 Qd8 26. Qe2 Nf7 27. Nf3 Nh6
28. Rb1 Bc6 29. Qd2 a4 30. Qg5 Qd7 31. Rd1 Qe8 32. Rd3 f4 33. Nh4 Nf5 34. g4
fxg3 35. fxg3 Nxh4 36. gxh4 Qf7 37. Qg2 Qxh5 38. Qg5 Qf7 39. Qg2 1/2-1/2